Types de données et algorithmes

L'étude des types de données et des algorithmes fondamentaux de l'informatique constitue l'un des enseignements de base en informatique. Ce livre résulte de plusieurs années d'expérience didactique sur le sujet. Il présente les types de données et les algorithmes usuels, d...

Volledige beschrijving

Bewaard in:
Bibliografische gegevens
Hoofdauteur: Froidevaux, Christine
Formaat: Boek
Taal:Undetermined
Gepubliceerd in: Paris Ediscience 1994
Onderwerpen:
Tags: Voeg label toe
Geen labels, Wees de eerste die dit record labelt!
Thư viện lưu trữ: Trung tâm Học liệu Trường Đại học Cần Thơ
LEADER 01376nam a2200193Ia 4500
001 CTU_232787
008 210402s9999 xx 000 0 und d
082 |a 005.73 
082 |b F929 
100 |a Froidevaux, Christine 
245 0 |a Types de données et algorithmes 
245 0 |c Christine Froidevaux, Marie-Claude Gaudel,Michèle Soria 
260 |a Paris 
260 |b Ediscience 
260 |c 1994 
520 |a L'étude des types de données et des algorithmes fondamentaux de l'informatique constitue l'un des enseignements de base en informatique. Ce livre résulte de plusieurs années d'expérience didactique sur le sujet. Il présente les types de données et les algorithmes usuels, dont la connaissance est indispensable à tout informaticien, en développant de façon accessible les résultats récents dans ce domaine. Le langage utilisé pour écrire les algorithmes est Pascal. Ce livre introduit les fondements de l'analyse de la complexité des algorithmes et la notion de type abstrait. Il présente divers types de données et montre comment le choix de tel ou tel type influe sur la réalisation d'un algorithme et ses performances. 
650 |a Dữ liệu trừu tượng (Khoa học máy tính),Abstract data types (Computer science) 
910 |b dqhieu 
980 |a Trung tâm Học liệu Trường Đại học Cần Thơ